000 00667nam a2200253Ia 4500
003 OSt
005 20220918163331.0
006 a|||||r|||| 00| 0
007 ta
008 220917b |||||||| |||| 00| 0 eng d
020 _a0 571 10849 0
024 _a31,495
037 _cTextual
040 _aARTS
_cARTS
_beng
041 _2eng
_aeng
082 _aO111,3M82:g, L7
100 _aEllmann Richard
_912709
245 0 _aConsciousness of Joyce
260 _aLondon
_bFaber and Faber UK
_c1977
300 _a150p.
_ccm.
650 _aENGLISH LITERATURE
942 _hO111,3M82:g, L7
_cTEXL
_2CC
999 _c119134
_d119134